书目信息 |
| 题名: |
徽派盆景
|
|
| 作者: | 胡一民 著 | |
| 分册: | ||
| 出版信息: | 北京 中国林业出版社 1998.08 |
|
| 页数: | 257页 | |
| 开本: | 32开 | |
| 丛书名: | ||
| 单 册: | ||
| 中图分类: | S688.1 | |
| 科图分类: | ||
| 主题词: | 观赏园艺 , 花卉 , 园林树木 | |
| 电子资源: | ||
| ISBN: | 7-5038-2021-7 | |
| 000 | 00568nam0 2200217 45 | |
| 001 | 0012251607 | |
| 005 | 20010222160904.8 | |
| 010 | @a7-5038-2021-7@d15.00元 | |
| 100 | @a20001225d1998 km y0chiy0120 ea | |
| 101 | 0 | @achi |
| 105 | @a z 000yy | |
| 200 | 1 | @a徽派盆景@AHui Pai Pen Jing@f胡一民著@FHu Yi Min Zhu |
| 210 | @a北京@c中国林业出版社@d1998.08 | |
| 215 | @a257页@d32开 | |
| 606 | 0 | @a观赏园艺 |
| 606 | 0 | @a花卉 |
| 606 | 0 | @a园林树木 |
| 690 | @aS688.1@v3 | |
| 701 | 0 | @a胡一民@4著 |
| 801 | @aCN@bPftUser@c20001225 | |
| 905 | @dS688.1@eH542@b323916-918@f3 | |
| 徽派盆景/胡一民著.-北京:中国林业出版社,1998.08 |
| 257页;32开 |
| ISBN 7-5038-2021-7:15.00元 |
| ● |
| 相关链接 |
|
|
|
正题名:徽派盆景
索取号:S688.1/H542
 
预约/预借
| 序号 | 登录号 | 条形码 | 馆藏地/架位号 | 状态 | 备注 |
| 1 | 323916 | 203239165 | 自科库401/401自科库 23排1列3层/ [索取号:S688.1/H542] | 在馆 | |
| 2 | 323917 | 203239174 | 自科库401/401自科库 23排1列3层/ [索取号:S688.1/H542] | 在馆 | |
| 3 | 323918 | 203239183 | 自科库401/401自科库 23排1列3层/ [索取号:S688.1/H542] | 在馆 |